Loading...
| History - European | 0 | 4 | 1 | 0 | 35 | 34 | 62.50 | 1 | 3 | 0.00 | 0.00 |
| History - World | 0 | 3 | 0 | 0 | 30 | 20 | 62.00 | 1 | 1 | 0.00 | 0.00 |
| Fine Arts - Classical Music | 0 | 3 | 1 | 0 | 25 | 32 | 60.00 | 1 | 3 | 0.00 | 0.00 |
| Current Events | 0 | 2 | 0 | 0 | 20 | 29 | 46.00 | 0 | 1 | 0.00 | 0.00 |
| History - Other | 0 | 2 | 0 | 0 | 20 | 34 | 50.00 | 1 | 2 | 0.00 | 0.00 |
| Painting/Sculpture | 0 | 2 | 0 | 0 | 20 | 20 | 59.00 | 0 | 1 | 0.00 | 0.00 |
| Philosophy | 0 | 2 | 0 | 0 | 20 | 70 | 81.50 | 0 | 0 | 0.00 | 0.00 |
| Fine Arts - Other | 0 | 2 | 1 | 1 | 15 | 37 | 72.00 | 1 | 1 | 0.00 | 0.00 |
| Literature - American | 0 | 1 | 0 | 0 | 10 | 90 | 90.00 | 0 | 0 | 0.00 | 0.00 |
| Literature - British | 0 | 1 | 0 | 0 | 10 | 93 | 93.00 | 0 | 0 | 0.00 | 0.00 |
| Literature - World | 0 | 1 | 0 | 0 | 10 | 52 | 52.00 | 0 | 1 | 0.00 | 0.00 |
| Mythology | 0 | 1 | 0 | 0 | 10 | 52 | 52.00 | 0 | 1 | 0.00 | 0.00 |
| Geography | 0 | 1 | 0 | 1 | 10 | 119 | 119.00 | 0 | 1 | 0.00 | 0.00 |
| Science - Physics | 0 | 1 | 0 | 0 | 10 | 50 | 50.00 | 0 | 1 | 0.00 | 0.00 |
| History - American | 0 | 1 | 1 | 0 | 5 | 43 | 43.00 | 0 | 0 | 0.00 | 0.00 |